01454nam a2200325Ia 4500001001200000003000800012006001900020007001500039008004100054020002100095040002100116035002100137050002300158082002000181100003400201245011600235250008700351260002900438300001600467500009100483504005100574533015200625650003500777650004600812655002900858700007200887700002600959710001700985856012601002ebr10091336CaPaEBRm u cr cn|||||||||021028s2002 enk sb 001 0 eng d z1859590691(pbk.) aCaPaEBRcCaPaEBR a(OCoLC)61481679214aRC533b.T63 2002eb04a616.85227062211 aToates, F. M.q(Frederick M.)10aObsessive compulsive disorderh[electronic resource] :bpractical, tried-and-tested strategies to overcome OCD. a2nd ed. /bFrederick Toates and Olga Coschug-Toates / foreword by Padmal de Silva. aLondon :bClass,cc2002. axiv, 267 p. aPrevious ed. published as: Obsessional thoughts and behaviour. London: Thorsons, 1990. aIncludes bibliographical references and index. aElectronic reproduction.bPalo Alto, Calif. :cebrary,d2009.nAvailable via World Wide Web.nAccess may be limited to ebrary affiliated libraries. 0aObsessive-compulsive disorder. 0aObsessive-compulsive disorderxTreatment. 7aElectronic books.2local1 aToates, F. M.q(Frederick M.).tObsessional thoughts and behaviour.1 aCoschug-Toates, Olga.2 aebrary, Inc.40uhttp://site.ebrary.com/lib/rucke/Doc?id=10091336zAn electronic book accessible through the World Wide Web; click to view